000 00547nam a2200217Ia 4500
003 OSt
005 20220928125529.0
006 a|||||r|||| 00| 0
007 ta
008 220927b |||||||| |||| 00| 0 eng d
024 _a53940
037 _cTextual
040 _aSDCL
_cSDCL
_beng
041 _2eng
_aeng
082 _aR6xN08x, M7
245 0 _aNectar of Chanting .
260 _aGaneshpuri
_bGurudev Siddha Peeth
_c1987
300 _axviii,197p.
_ccm.
942 _hR6xN08x, M7
_cTEXL
_2CC
999 _c782753
_d782753